Statistics for Foods by Picture

Click here to take the quiz!

General Stats

  • This quiz has been taken 143,566 times
    (40,127 since last reset)
  • The average score is 13 of 20

Answer Stats

Answer % Correct
Kiwi
97%
Croissant
91%
Cinnamon
88%
Brussels Sprouts
85%
Oysters
82%
Fish Eggs
81%
Churros
72%
Mozzarella
68%
Jalapeño
68%
Deviled Eggs
68%
Doner Kebab
67%
Candy Corn
66%
Tiramisu
59%
Flan / Crème caramel
54%
Beef Wellington
53%
Prosciutto
50%
Samosa
45%
Reuben Sandwich
35%
Unagi
21%
Morel
13%

Score Distribution

Percentile by Number Answered

Percent of People with Each Score

Your Score History

You have not taken this quiz since the last reset